000 00560nam a2200181Ia 4500
008 151018s9999 xx 000 0 und d
082 _bRBASDV15208
_a891.433
100 _aभैरवनाथ गुप्त
245 _aआग और आसू
250 _b1
260 _bहिंद पॉकेट बुक्स
_c1981
300 _a143
600 _aभैरवनाथ गुप्त
630 _aआग और आसू
700 _aभैरवनाथ गुप्त
730 _aआग और आसू
942 _cBOOK
999 _c1015935
_d1015932